000 00779nam a2200229Ii 4500
003 JO-AjNU
008 230605s9999||||xx |||||||||||||| ||und||
017 _a2022/12/6101
020 _a978-9923-779-66-8
040 _aJO-AjNU
_bara
_erda
_cJO-AjNU
041 _aara
050 1 4 _aB833 2023
100 3 _aالقضاة،رابحة عدنان,
_eauthor
_964063
245 0 0 _aنظرية إليس وتقبل الذات
250 _aط1
264 3 1 _aعمان: زادناشرون وموزعون،2023
300 _a220ص
336 _atext
_btxt
_2rdacontent
337 _aunmediated
_bn
_2rdamedia
338 _avolume
_bnc
_2rdacarrier
650 4 _aاحترام الذات،الفروق الفرديةالشخصية-النظريات -علم النفس الفردي
_964064
999 _aA29090
_c32658
_d32658